| 000 | 00723cam a2200193 i 4500 | ||
|---|---|---|---|
| 005 | 20251210102550.0 | ||
| 008 | 250721s9999 ua gr 000 0 ara d | ||
| 082 | 1 | 4 |
_a216.23 _bف ق ى |
| 100 | 1 | 2 |
_aالفقي، رجائي السيد _eمؤلف. |
| 245 | 1 | 0 |
_aميزان الإعتدال في رؤية الهلال : دراسة فقهية عصرية / _cالدكتور رجائي سيد احمد العطافي الفقى |
| 264 | 3 | 1 |
_aالقاهرة : _bدار الجامعة الجديدة، _c2005 |
| 300 | _a159صفحه. | ||
| 490 | 0 | _aالمكتبة الشرعية. | |
| 650 | 1 | 7 | _aالفقه الإسلامي |
| 650 | 1 | 7 | _aرمضان. |
| 650 | 1 | 7 | _aالصوم. |
| 942 |
_2ddc _cBK |
||
| 999 |
_c96391 _d96391 |
||